| 000 | 01983cam a2200337 i 4500 | ||
|---|---|---|---|
| 001 | 15075062 | ||
| 003 | EG-ScBUE | ||
| 005 | 20260124105012.0 | ||
| 008 | 071106t2008 flua frb 001 0 eng d | ||
| 020 | _a9781420052787 (hardback : alk. paper) | ||
| 020 | _a1420052780 (hardback : alk. paper) | ||
| 040 |
_aDNLM/DLC _beng _erda _cDLC _dNLM _dYDXCP _dBAKER _dC#P _dDLC _dEG-ScBUE |
||
| 082 | 0 | 4 |
_a572.8636 _222 _bMET |
| 245 | 0 | 0 |
_aMethods in microarray normalization / _cedited by Phillip Stafford. |
| 264 | 1 |
_aBoca Raton : _bCRC Press / Taylor & Francis Group, _c[2008] |
|
| 264 | 4 | _cc2008 | |
| 300 |
_axvi, 284 pages : _billustrations (some color) ; _c25 cm. |
||
| 336 |
_2rdacontent _atext _btxt |
||
| 337 |
_aunmediated _2rdamedia _bn |
||
| 338 |
_avolume _bnc _2rdacarrier |
||
| 490 | 0 |
_aDrug discovery series ; _v10 |
|
| 504 | _aIncludes bibliographical references and index. | ||
| 505 | 0 | _aA comprehensive analysis of the effect of microarray data preprocessing methods on differentially expressed transcript selection -- Differentiation detection in microarray normalization -- Preprocessing and normalization for Affymetrix GeneChip expression microarrays -- Spatial detrending and normalization methods for two-channel DNA and protein microarray data -- A survey of cDNA microarray normalization and a comparison by k-NN classification -- Technical variation in modeling the joint expression of several genes -- Biological interpretation for microarray normalization selection -- Methodology of functional analysis for omics data normalization -- Exon array analysis for the detection of alternative splicing -- Normalization of array CGH data -- SNP array-based analysis for the detection of chromosomal aberrations and copy number variations. | |
| 650 | 7 |
_aDNA microarrays. _2BUEsh |
|
| 650 | 7 |
_aGene expression. _2BUEsh |
|
| 651 | _2BUEsh | ||
| 653 |
_bPPhrm _cFebruary2016 |
||
| 655 | _vReading book | ||
| 700 | 1 |
_aStafford, Phillip, _eeditor. |
|
| 942 |
_2ddc _cBB |
||
| 999 |
_c21288 _d21260 |
||